El análisis lineal en la teoría económica (Registro nro. 4624)

Detalles MARC
000 -LEADER
fixed length control field 01987 a2200217 4500
001 - CONTROL NUMBER
control field 48556
005 - DATE AND TIME OF LATEST TRANSACTION
control field 20260407155750.0
008 - FIXED-LENGTH DATA ELEMENTS--GENERAL INFORMATION
fixed length control field 260407a1973 arg spa d
003 - CONTROL NUMBER IDENTIFIER
control field AR-UNSa-BCEJYS
040 ## - CATALOGING SOURCE
Original cataloging agency AR-UNSa-BCEJYS
Language of cataloging spa
Transcribing agency AR-UNSa-BCEJYS
080 ## - UNIVERSAL DECIMAL CLASSIFICATION NUMBER
Universal Decimal Classification number 330.4
Common auxiliary subdivision Economía matemática
020 ## - INTERNATIONAL STANDARD BOOK NUMBER
International Standard Book Number 0-13-246934-0
100 1# - MAIN ENTRY--PERSONAL NAME
Personal name Vandermeulen, Daniel C.
245 10 - TITLE STATEMENT
Title El análisis lineal en la teoría económica
264 #1 - PRODUCTION, PUBLICATION, DISTRIBUTION, MANUFACTURE, AND COPYRIGHT NOTICE
Place of production, publication, distribution, manufacture Bogotá :
Name of producer, publisher, distributor, manufacturer Prentice/Hall Internacional
Date of production, publication, distribution, manufacture, or copyright notice 1973
300 ## - PHYSICAL DESCRIPTION
Extent 521 p.
Dimensions 23 cm.
505 ## - FORMATTED CONTENTS NOTE
Formatted contents note PRIMERA PARTE: Las técnicas de programación lineal aplicadas a la teoría de la firma: 1. Introducción - 2. Métodos elementales de resolución de ecuaciones lineales - 3. Solución de un problema de programación lineal: El método simplex - 4. Precios de los insumos y el problema dual de la Programación Lineal - 5. La programación lineal paramétrica y las curvas de demanda y oferta - 6. Vectores y espacios vectoriales - 7. La versión geométrica de la firma multiproductora - SEGUNDA PARTE: Modelos económicos de la firma: 8. La firma monoproductora con procesos múltiples - 9. La versión continua de una firma monoproductora - 10. Productos conjuntos y minimización del costo: una versión alternativa de la firma - 11. La teoría de la firma multiproductora: síntesis y generalización - TERCERA PARTE: Teoría del consumidor: 12. Preferencia y utilidad - 13. Elección y demanda - 14. Extensión de la teoría: la oferta de insumos y la familia como unidad consumidora - CUARTA PARTE: Mercados, industrias y la economía: 15. Mercados de competencia pura - 16. El equilibrio y el óptimo de las industrias de competencia pura - 17. Equilibrio general de la economía: existencia y estabilidad - 18. El sistema del insumo producto de Leontief - 19. El equilibrio y el óptimo de le economía - 20. Monopolio, competencia monopolística y oligopolio.
590 ## - LOCAL NOTE (RLIN)
Local note niveau_biblio:m niveau_hierar:0
700 1# - ADDED ENTRY--PERSONAL NAME
Personal name Ferrero, Fernando
942 ## - ADDED ENTRY ELEMENTS (KOHA)
Koha item type
Existencias
Withdrawn status Lost status Damaged status Not for loan Home library Current library Shelving location Date acquired Total checkouts Full call number Barcode Date last seen Price effective from Koha item type
        Biblioteca Prof. Eusebio Cleto del Rey Biblioteca Prof. Eusebio Cleto del Rey   07/04/2026   330.4 V225 L53282 07/04/2026 07/04/2026 Libro
        Biblioteca Prof. Eusebio Cleto del Rey Biblioteca Prof. Eusebio Cleto del Rey   07/04/2026   330.4 V225 L25841 07/04/2026 07/04/2026 Libro
        Biblioteca Prof. Eusebio Cleto del Rey Biblioteca Prof. Eusebio Cleto del Rey   07/04/2026   330.4 V225 L25840 07/04/2026 07/04/2026 Libro